Not useful information quiz - Statistics

General Stats
  • This quiz has been taken 21 times
  • The average score is 5 of 8
Answer Stats
Hint Answer % Correct
true or false? wordle is 6 letters false
100%
True or False? Tasmania is a northern Australian island false
100%
does mazda make the 323? yes
93%
'cider' or 'sider' (drink) cider
73%
when was big bang theory released? 2007
47%
what year was frisbee invented? 1968
27%
what is the grand tour? car show
7%
Victorian police Motto? Uphold the right
7%
No matching quizzes found
Score Distribution
Percent of People with Each Score
Percentile by Number Answered
Your Score History
You have not taken this quiz